| 000 | 02100nam a22002775a 4500 | ||
|---|---|---|---|
| 003 | OSt | ||
| 005 | 20170216145551.0 | ||
| 008 | 161204s2009 ua frb 000 0 ara d | ||
| 040 |
_aEG-ScBUE _bara _cEG-ScBUE |
||
| 082 | 0 | 4 |
_a344 _bب ر ع _222 |
| 100 | 1 | _aبرعي، أحمد حسن. | |
| 245 | 1 | 2 |
_aالوسيط في التشريعات الاجتماعية / _cأحمد حسن البرعي، رامي أحمد البرعي. |
| 260 |
_aالقاهرة : _bدار النهضة العربية، _c2009. |
||
| 300 |
_a6 مج. ؛ _c24 سم. |
||
| 504 | _aيشتمل على إرجاعات ببليوجرافية. | ||
| 505 | 0 | _aمج. 1. الثورة الصناعية وآثارها الاجتماعية والقانونية -- مج. 2. شرح عقد العمل الفردي وفقا لأحكام القانون 12 لسنة 2003 -- مج. 3. النقابات العمالية : مبدأ الحرية النقابية وفقا لمستويات العمل الدولية والعربية، تاريخ الحركة النقابية في مصر والعالم العربي ، شرح القانون النقابي في مصر والعالم العربي -- مج. 4. الحوار الاجتماعي : مبدأ الثلاثية - التشاور والتعاون - المفاوضة الجماعية - عقد العمل المشترك -- مج. 5. تشريعات التعاون : الأفكار والتجارب التعاونية - النظام القانوني للجمعية التعاونية -- مج. 6. التأمينات الاجتماعية. | |
| 650 | 7 |
_aالعمل والعمال _xقوانين وتشريعات. _2BUEsh _910938 |
|
| 650 | 7 |
_aالنقابات العمالية _xقوانين وتشريعات. _2BUEsh |
|
| 650 | 7 |
_aالتشريعات الاجتماعية. _2BUEsh _915252 |
|
| 650 | 7 |
_aالتأمين الاجتماعي _xقوانين وتشريعات. _2BUEsh _920366 |
|
| 650 | 7 |
_a الجمعيات التعاونية _xقوانين وتشريعات. _2BUEsh |
|
| 651 | _2BUEsh | ||
| 653 |
_bLLAAWW _cDecember2016 _cFebruary2017 |
||
| 700 | 1 | _aبرعي، رامي أحمد. | |
| 942 | _2ddc | ||
| 999 |
_c23442 _d23414 |
||